Manchester United Goalkeepers Since Schmeichel - Statistics

General Stats
  • This quiz has been taken 1,120 times
  • The average score is 7 of 19
Answer Stats
Answer % Correct
David De Gea
99%
Edwin Van Der Sar
89%
Fabien Barthez
66%
Sergio Romero
66%
Tim Howard
53%
Ben Foster
43%
Roy Carroll
42%
Mark Bosnich
41%
Anders Lindegaard
38%
Raimond Van Der Gouw
34%
Victor Valdes
34%
Massimo Taibi
30%
Tomasz Kuszczak
28%
Ben Amos
21%
Joel Castro Pereira
18%
Andy Goram
13%
Ricardo
12%
Nick Culkin
10%
Paul Rachubka
6%
No matching quizzes found
Score Distribution
Percent of People with Each Score
Percentile by Number Answered
Your Score History
You have not taken this quiz